000 00722nam a22002177a 4500
003 OSt
005 20230112124327.0
008 230112b |||||||| |||| 00| 0 eng d
040 _cBiblioteca Lado V
082 _a750
_bE53c
110 _945
_aEmbajada de EspaƱa
_eautor
245 _aCatalogo/
260 _aCosta Rica
_bNOAH Contemporary Art
300 _a35p.
_c30x29cm
650 _2Tesauro de Arte & Arquitectura
_aARTE VISUAL
650 _2Tesauro de Arte & Arquitectura
_aCATALOGO DE ARTE
650 _2Tesauro de Arte & Arquitectura
_aPINTURA
650 _2Tesauro de Arte & Arquitectura
_aARTE COSTARRICENSE
700 _aNoorthoorn, Victoria
_ecurador
942 _2ddc
_c1
_h750
_iE53c
_n0
999 _c2750
_d2750